La plataforma submarina y el derecho internacional la zona nerítca epijurisdiccional (Registro nro. 61854)

Detalles MARC
000 -ENCABEZADO
Número de control [NR] 00910nam a2200193Ia 4500
008 - DE LONGITUD FIJA DE DATOS DE ELEMENTOS - INFORMACIÓN GENERAL
Elementos de longitud fija [NR] 130821s1952 sp ab gr spa
040 ## - FUENTE DE CATALOGACION [NR]
Agencia de catalogación original [NR] Co-BoUCM
Idioma de catalogación [NR] spa
041 00 - CODIGO DE IDIOMA [R]
Código de idioma para texto/pista de sonido o título separado [R] Español
100 1# - ASIENTO PRINCIPAL--NOMBRE PERSONAL [NR]
Nombre personal [NR] Azcárraga y de Bustamante, José Luis de
245 13 - MENCION DE TITULO [NR]
Título [NR] La plataforma submarina y el derecho internacional la zona nerítca epijurisdiccional
Mención de responsabilidad, etc. [NR] José Luis de Azcárraga y de Bustamante ; prólogo de Antonio de Luna
260 ## - PUBLICACION, DISTRIBUCION, ETC. (PIE DE IMPRENTA) [R]
Lugar de publicación, distribución, etc. [R] Madrid (España)
Nombre del editor, distribuidor, etc. [R] [Instituto "Francisco de Vitoria," Consejo Superior de Investigaciones Científicas, Ministerio de Marina]
Fecha de publicación, distribución, etc. [R] 1952
300 ## - DESCRIPCION FISICA [R]
Extensión [R] xvi, 313 páginas
Otros detalles físicos [NR] mapas
490 #0 - MENCION DE SERIE [R]
Mención de serie [R] Colección de Estudios de Derecho Internacional Marítimo.
-- Ser. B
-- Monografías
Designación numérica/secuencial del volumen [NR] 3
504 ## - NOTA DE BIBLIOGRAFIA, ETC. [R]
Nota de bibliografía, etc. [NR]
650 04 - ASIENTO SECUNDARIO DE MATERIA - TERMINO TEMATICO [R]
Término temático o nombre geográfico como elemento de entrada [NR] Derecho marítimo
9 (RLIN) 12792
650 04 - ASIENTO SECUNDARIO DE MATERIA - TERMINO TEMATICO [R]
Término temático o nombre geográfico como elemento de entrada [NR] Plataforma continental
9 (RLIN) 21706
942 ## - ELEMENTOS DE ENTRADA AGREGADOS (KOHA)
Tipo de ítem principal el descrito en 300a Libro
Tema principal Derecho
Edición 1
Parte restante de la signatura top. A992
Sistema de clasificación DEWEY
Clasificación 341.448
Existencias
Total préstamos Signatura topográfica Código de barras Última vez visto Ejemplar Price effective from Tipo de ítem Perdido Sistema de clasificación Dañado No prestable Tipo de ítem específico Suprimido Ubicación habitual Ubicación actual Localización Fecha de creación Forma de adquisición Costo
  341.448 A992 3000485 15/12/2012 Ej.1 03/02/2013 Libro   DEWEY     Libro     Bib. Cavelier Acavalier 28/02/2013   0.00